Χωροταξικόν πρόγραμμα περιοχής πρωτευούσης : χωροταξικόν σχέδιον

Saved in:
Bibliographic Details
Corporate Author: Γραφείον Δοξιάδη
Format: Book
Language:Greek
Published: Αθήναι : 1974
Subjects:
Tags: Add Tag
No Tags, Be the first to tag this record!

MARC

LEADER 00000nam a2200000 i 4500
001 1/104075
008 950529s1974 gre d
035 |l 10013130 
040 |a GR-MY-UA  |b gre  |e aacr 
041 0 |a gre 
082 0 |a 711.40949512 
245 1 0 |a Χωροταξικόν πρόγραμμα περιοχής πρωτευούσης :  |b χωροταξικόν σχέδιον /  |c Γραφείον Δοξιάδη 
260 |a Αθήναι :   |c 1974 
300 |a 155 σ.  |b εικ., πίν., χάρτες 
650 0 0 |a Regional planning  |z Greece  |z Athens. 
710 2 |a Γραφείον Δοξιάδη. 
852 |a INST  |b LESVOS  |e 19950529  |h 711.40949512 ΧΩΡ  |p 005100000419  |q 005100000419  |t BK  |y 0 
852 |a INST  |b LESVOS  |e 19950529  |h 711.40949512 ΧΩΡ  |p 005100000435  |q 005100000435  |t BK  |y 0 
909 |a Λ  |b 015468 
922 |a 1ΕΛΗ  |b 198910  |c ΠΠ/11/52/68 
970 |z 2000/05/ΟΙΚΟΝΟΜΟΠΟΥΛΟΥ ΧΡΙΣΤΙΝΑ